The Norton history of Astronomy and cosmology
Đã lưu trong:
| Príomhúdar: | |
|---|---|
| Formáid: | Leabhar |
| Teanga: | Undetermined |
| Foilsithe: |
New York
W.W.Norton & Company
1995
|
| Ábhair: | |
| Clibeanna: |
Cuir Clib Leis
Gan Chlibeanna, Bí ar an gcéad duine leis an taifead seo a chlibeáil!
|
| Thư viện lưu trữ: | Trung tâm Học liệu Trường Đại học Cần Thơ |
|---|
| LEADER | 00493nam a2200181Ia 4500 | ||
|---|---|---|---|
| 001 | CTU_80019 | ||
| 008 | 210402s9999 xx 000 0 und d | ||
| 082 | |a 523.1 | ||
| 082 | |b N846 | ||
| 100 | |a North, John | ||
| 245 | 4 | |a The Norton history of Astronomy and cosmology | |
| 245 | 0 | |c John North | |
| 260 | |a New York | ||
| 260 | |b W.W.Norton & Company | ||
| 260 | |c 1995 | ||
| 650 | |a Astronomy,Cosmology | ||
| 904 | |i Trọng Hải | ||
| 980 | |a Trung tâm Học liệu Trường Đại học Cần Thơ | ||